|
|
|
|
| LEADER |
00000nab a2200000 a 4500 |
| 001 |
vtls000764106 |
| 003 |
SK-MaSNL |
| 005 |
20260304111926.0 |
| 008 |
250429c2001 xo 0 slo |
| 015 |
|
|
|a SNBRB2001/08-22591
|
| 035 |
|
|
|a CLN000115893
|
| 035 |
|
|
|a urn:nbn:sk:snk-ab6rww
|
| 035 |
|
|
|a (uuid)2f52156d-9d75-44ce-ba2d-1fbac170d126
|
| 035 |
|
|
|a (urnnbn)urn:nbn:sk:snk:ar-a05hdh
|
| 035 |
|
|
|a (sysno)vtls000764106
|
| 040 |
|
|
|a SNKBUCL
|b slo
|c SNKBUCL
|e AACR2
|
| 041 |
0 |
|
|a slo
|
| 044 |
|
|
|a xo
|c SK
|
| 080 |
|
|
|a 330.567.2(100-773)
|2 1997
|
| 080 |
|
|
|a 330.564.2(100-773)
|2 1997
|
| 080 |
|
|
|a 64.03(100-773)
|2 1997
|
| 100 |
1 |
|
|a Azudová, Ľubica
|4 aut
|9 8326
|
| 245 |
1 |
0 |
|a Sociálno-ekonomická pozícia domácností v tranzitívnych spoločnostiach
|c Ľubica Azudová
|
| 300 |
|
|
|b Tab.
|
| 504 |
|
|
|a Res. angl.
|
| 504 |
|
|
|a Bibliogr. odkazy
|
| 650 |
0 |
7 |
|a krajiny s tranzitívnou ekonomikou
|2 snkbucl
|9 73280
|
| 650 |
0 |
7 |
|a individuálna spotreba
|2 snkbucl
|9 67657
|
| 650 |
0 |
7 |
|a príjmy domácností
|2 snkbucl
|9 827204
|
| 650 |
0 |
7 |
|a domácnosti
|2 snkbucl
|9 2131
|
| 655 |
|
7 |
|a články z novín a časopisov
|2 snkbucl
|9 267496
|
| 773 |
0 |
|
|t Ekonomický časopis
|g Roč. 49, č. 1 (2001), s. 158-182
|x 0013-3035
|
| 850 |
|
|
|a Slovenská národná knižnica
|
| 852 |
|
|
|a Slovenská národná knižnica
|
| 954 |
|
|
|a odborná, vedecká literatúra pôvodná (slovenská)
|2 lita
|
| 958 |
|
|
|a article27
|
| 958 |
|
|
|a NB
|
| 958 |
|
|
|a OND
|
| 958 |
|
|
|a EUIPO
|
| 992 |
|
|
|a RBX
|
| 999 |
|
|
|c 2863539
|d 2865469
|